| 000 | 00547nam a2200181Ia 4500 | ||
|---|---|---|---|
| 999 |
_c13975 _d13975 |
||
| 003 | OSt | ||
| 005 | 20201027125208.0 | ||
| 008 | 190216s9999||||xx |||||||||||||| ||und|| | ||
| 020 | _a1853262471 | ||
| 040 | _coclc | ||
| 082 |
_a823.8 _bKIP/C |
||
| 100 |
_aKipling, Rudyard _95304 |
||
| 245 | 0 |
_aCaptains Courageous : _bA Story Of The Grand Banks / _cRudyard Kipling |
|
| 260 |
_bWordsworth Editions Ltd, _c1995. _aU.K: |
||
| 300 | _a129p | ||
| 650 | _aEnglish Short Stories | ||
| 942 |
_cBK _2ddc _h823.8 _iKIP/C _k823.8 _mKIP/C |
||